000 00307nam a2200133Ia 4500
008 191201s2009 xx 000 0 und d
082 _a658.8
_bRAM
100 _aRAMASWAMY, V S
245 0 _aMarketing Management
260 _aN. Delhi
_bMacmillan
_c2009
300 _a872
650 _aBBA
942 _2ddc
_cBK
999 _c5757
_d5757